| 000 | 00993nam a22002537a 4500 | ||
|---|---|---|---|
| 999 |
_c5312 _d5312 |
||
| 003 | AR-CdUCM | ||
| 008 | 190312b ||||| |||| 00| 0 spa d | ||
| 040 |
_aMUNICIPALIDAD PROVINCIAL DEL CUSCO _cBIBLIOTECA MUNICIPAL DEL CUSCO |
||
| 082 |
_a793.31985 / _bV38 |
||
| 100 |
_aVázquez Rodríguez, Rosa Elena _916054 |
||
| 245 |
_aLa práctica musical de la población negra en Perú : _bla danza de negritos de El Carmen / |
||
| 260 |
_aLa Habana : _bEds. Casa de las Américas, _c1982. |
||
| 300 |
_a177 páginas ; _bilustraciones, mapas, música, _c26 cm. |
||
| 500 | _aPremio de musicología, Casa de las Américas. | ||
| 505 | _aContenido: La práctica musical de la población negra en el Perú -- La danza de los negritos. | ||
| 650 |
_aPerú _935 |
||
| 650 |
_aIca _99366 |
||
| 650 |
_aNegritos (Danza) _916055 |
||
| 650 |
_aMúsica negra _916056 |
||
| 700 |
_aHernández, Clara _916057 |
||
| 710 |
_aCasa de las Américas (La Habana) _916058 |
||
| 942 |
_2ddc _cLIBROS |
||
| 945 | _araen | ||